00526nam a22001577a 4500010001500000020002600015020002300041035001300064037001300077245012400090260004100214270005400255300002500309942001700334999001700351 aENG-112169 a9788174877260c495.00 a8174877266c495.00 aEN-95701 bDBAD/PUB aIntegrated land and water management for food security / cedited by K.N. Singh : Co-editor S.K. Singh [and] S.N. Singh aNew DelhibRadha Publications c2011 a4231/1, Ansari Road, DaryaganjbNew Delhie110002 axii,188p.:c20cm(Hb) 2ddccENmINT c91402d91402